00888nam a2200229 i 450000100060000000300090000600500170001500700030003200800410003510000410007624501470011725000120026426000450027630000220032149000320034365000270037565000230040283000720042585200220049799900170051995201220053634561ES-MaACL20250929063103.0t|030207s1965 sp ||||1| spa d1 aDufoyer, Pierre, d1898-1959917146110aMaternidad: bla maravillosa aventura de la célula humana desde el germen al recién nacido / cRené Boigelot, Ángel del Hogar [seud.]. a6ª ed. aBilbao : bDesclée de Brouwer, c1965. a182 p. ; c19 cm.1 aEducación y familia ; v607aEmbarazo2embne91217700aMaternidad.91485210aColección educación y familia (Desclée de Brouwer)v69182029 aES-MaACLjC-28177 c34561d34561 00104070aATENEOMbATENEOMcDEPO2d2008-01-17eSCl0oC-28177p1036049r2023-02-23 00:00:00w2023-02-23yMONOGRAFIA